Kapitalmarkttheorie

Guardado en:
Detalles Bibliográficos
Autor principal: Loistl, Otto
Formato: Libro
Lenguaje:alemán
Publicado: München Oldenbourg 1994
Edición:3. überarb. und erw. Aufl.
Colección:Lehr- und Handbücher der Finanzierung und Finanzmärkte
Materias:
Etiquetas: Agregar Etiqueta
Sin Etiquetas, Sea el primero en etiquetar este registro!

MARC

LEADER 00000nam a2200000 4500
001 c010259
005 20221205140714.0
020 |a 3-486-22968-0 
041 0 |a ger 
044 |a DE 
245 1 0 |a Kapitalmarkttheorie  |c Otto Loistl 
250 |a 3. überarb. und erw. Aufl. 
264 1 |a München  |b Oldenbourg  |c 1994 
300 |a 446 s. 
490 1 |a Lehr- und Handbücher der Finanzierung und Finanzmärkte 
830 0 |a Lehr- und Handbücher der Finanzierung und Finanzmärkte 
610 2 0 |a trh kapitálový 
610 2 0 |a burzy 
610 2 0 |a obchod 
610 2 0 |a papiere cenné 
610 2 0 |a opcie 
610 2 0 |a portfólio 
610 2 0 |a modely rovnováhy 
100 1 |a Loistl, Otto